000 00624nam a2200241Ia 4500
003 OSt
005 20220924140423.0
006 a|||||r|||| 00| 0
007 ta
008 220923b |||||||| |||| 00| 0 ben d
020 _a8186802444
024 _a295063
037 _cTextual
040 _aARTS
_cARTS
_bben
041 _2ben
_aben
082 _aO153,3x, P2;1
100 _aBhattacherjee Shyamal Ed.
_9210397
245 0 _aSamakalin punjabi galpa
260 _c2002
650 _aBENGALI LITERATURE
942 _hO153,3x, P2;1
_cTEXL
_2CC
999 _c444230
_d444230